| 000 | 00407 a2200157 4500 | ||
|---|---|---|---|
| 005 | 20250417124750.0 | ||
| 020 | _a304 29447 0 | ||
| 082 | _a657.45 WIL | ||
| 100 | _aWILLIAMS, R. G. | ||
| 245 | _aPinciples and Practice of Auding. | ||
| 250 | _a17th Ed | ||
| 260 |
_aLondon, _bCassell & Collier Macmillan, _c1974. |
||
| 300 |
_aViii, 372p.: ill.; _bIndex _c22cm. |
||
| 700 | _aMENDERS, B. | ||
| 942 |
_2ddc _cBKS |
||
| 999 |
_c1555 _d1555 |
||